Brain Rot Quiz - Statistics

General Stats
  • This quiz has been taken 593 times
  • The average score is 9 of 15
Answer Stats
Hint Answer % Correct
Something You Call Someone If The Suck Or Lost L
88%
Let Him Cook
84%
Shh Bye Bye Mewing
84%
To Get A Better Jawline Mewing
84%
Imagine If Ninja Got A Low Taper Fade
81%
What You Call Someone With A Big But Gyatt
78%
A Word You Say To Someone If They Are Very Cool Sigma
75%
Something Brainrotted Kids Watch Skibidi Toilet
68%
A Word You Call Someone If There A G Or A Winner W
60%
Hawk 2 Ah Hawk Tuah
51%
A Word You Call Someone If They Are Mysterious Or Cool Nonchalant
48%
I'm Starting My Winter Arc
48%
If You Are Trying Very Hard To Look Good Your ______ Looks Maxing
35%
Mango Mango Mango Phonk
29%
Bro You ____ Sold
8%
No matching quizzes found
Score Distribution
Percent of People with Each Score
Percentile by Number Answered
Your Score History
You have not taken this quiz